25 pytań z wiedzy ogólnej - Statystyki

Ogólne statystyki
  • Ten quiz został rozwiązany 183 razy
  • Średni wynik to 10 z 25
Statystyki odpowiedzi
Pytanie Odpowiedź % Poprawnych
Z jakiego kraju wywodzi się święto dziękczynienia? Z USA
85%
Ilu ludzi stanęło na Marsie? 0
78%
Na jakim kontynencie żyli Indianie? W Ameryce Południowej i Północnej
78%
W którym roku odkryto Amerykę? 1492
64%
Jaki kraj produkuje najwięcej samochodów? Chiny
59%
W jakim kraju ludzie piją najwięcej piwa? W Czechach
55%
Ile lat według mitologii greckiej trwała wojna trojańska? 10
52%
W którym roku wyemitowano pierwszy odcinek serialu "Na wspólnej" 2002
49%
Jaka jest najbogatsza firma na świecie? Apple
48%
Jak inaczej można nazwać Japonię? Kraj wschodzącego słońca
46%
Co jest stolicą Kazachstanu? Astana
45%
Czym jest Rubikon? Rzeką
43%
Co oznacza skrót ctg w matematyce? Cotangens
37%
Gdzie odbywa się największy europejski festiwal filmowy? W Cannes
36%
Walka kościoła z reformacją to? Kontrreformacja
31%
Gdzie znajduje się największy wodospad świata? W Wenezueli
29%
Na ile jest pierwiastków w układzie okresowym? 118
25%
Jaki kraj jest największym eksporterem owocu kiwi? Nowa Zelandia
24%
W którym roku USA odzyskało niepodległość? W 1776
24%
Dziadek po hiszpańsku to? Abuelo
22%
W którym roku otwarto wierzę One World Trade Center? 2014
17%
Jak inaczej można nazwać podatek VAT? Podatek od towarów i usług
6%
Największe osiągnięcie Fenicjan to? Pismo alfabetyczne
3%
Co to depresja? (nie choroba) Ląd położony poniżej poziomu morza
2%
Jak nazywał się pierwszy prezydent Kanady? John Macdonald
1%
Nie znaleziono quizów pasujących do podanych kryteriów
Rozkład punktacji
Procent ludzi z każdym wynikiem
Percentyl według liczby udzielonych odpowiedzi
Twoja historia wyników
Nie rozwiązałeś tego quizu